000 01343nam2a2200277 i 4500
001 RU\NLR\bibl\2054645
005 20241225203714.0
010 _a9785861857451
_bч. 1
_91000
021 _aRU
_b2013-48379
_93350
035 _a(NLR Aleph) 002041589
090 _a4598672
_c4598672
100 _a20130717d2013 u||y0rusy50 ca
101 0 _arus
102 _aRU
105 _aa j||||01yy
200 0 _aЧ. 1
210 _d2013
215 _a158 с.
_cил.
320 _aБиблиогр.: с. 128-133 (87 назв.)
333 _a16+
461 1 _1001RU\NLR\bibl\2068919
_12001#$aМеждународная торговля$vЧ. 1
_0RU\NLR\bibl\2068919
_94660992
_aКуркова, И. А. (канд. экон. наук)
_cМурманск
_d2013
_fИ.А. Куркова
_nИзд-во МГТУ
_oучебное пособие для студентов специальностей 030701.65 "Международные отношения", 080102.65 "Мировая экономика" и направлений подготовки 031900.62 "Международные отношения", 080102.62 "Мировая экономика" : [в 2 ч.]
_tМеждународная торговля
_y9785861857444
_vЧ. 1
801 0 _aRU
_bNLR
_c20130717
_gRCR
801 1 _aRU
_bNLR
_c20130717
942 _cBOOK
980 _aNBR